| 000 | 01061cam a2200325 i 4500 | ||
|---|---|---|---|
| 999 |
_c200440053 _d58265 |
||
| 001 | 200440053 | ||
| 003 | TR-AnTOB | ||
| 005 | 20210419153027.0 | ||
| 007 | ta | ||
| 008 | 210303s2020 tu a $r01 $$$$ tturu | ||
| 020 | _a9789751802989 | ||
| 040 |
_aTR-AnTOB _beng _erda _cTR-AnTOB |
||
| 041 | 0 | _atur | |
| 044 | _ctu | ||
| 050 | 1 | 4 |
_aQK376 _b.A434 2020 |
| 090 |
_aQK376 _b.A434 2020 |
||
| 245 | 0 | 0 |
_aAkdeniz egzotik ürünler : _bkonferans bildirileri / _cyayına hazırlayan Ertekin Akpınar ; editörler Prof. Dr. Alp Yücel Kaya, Ertekin Akpınar. |
| 250 | _aBirinci baskı: Aralık, 2020 | ||
| 264 | 1 |
_aİzmir : _bİzmir Akdeniz Akademisi, _c2020. |
|
| 300 |
_a128 pages : _btables, colour illustrations ; _c24 cm |
||
| 336 |
_2rdacontent _atext _btxt |
||
| 337 |
_2rdamedia _aunmediated _bn |
||
| 338 |
_2rdacarrier _avolume _bnc |
||
| 653 | _aEgzotik bitkiler | ||
| 653 | _aTohum bitkileri | ||
| 700 | 1 |
_aAkpınar, Ertekin, _d1968- _eeditor _987893 |
|
| 700 | 1 |
_aKaya, Alp Yücel _eeditor _9118373 |
|
| 942 |
_2lcc _cBK |
||